000 00558nam a2200193 4500
010 _a969133
035 _a969133
037 _bCen Lib / Ret
040 _aDPL
_bEN
082 _a016.88
_bGAR
245 _aThe International library of famous literature /
_cby Richard Garnett
260 _aLondon
_bEdward Lloyd
270 _aEdward Lloyd
_bLondon
300 _a20 v . ; (v 10. xx 4386-4872)
_b24cm
650 _aLiterature -- Collections.
650 _aLiterature.
700 _aGarnett, Richard
942 _2ddc
_cEN
_h016.88
_mGAR
999 _c136675
_d136675